000 00495nam a2200169Ia 4500
003 OSt
005 20210907102705.0
008 190216s9999||||xx |||||||||||||| ||und||
040 _coclc
082 _a004
_bMAJ/H
100 _aMajeed, T A Abdul
_98792
245 0 _aAl Hasoob Va Mubadiuhu /
_cT A Abdul Majeed ; P Zubair ; Abbas P M
260 _bAl Huda Book Stall,
_aKozhikode:
_c2006.
300 _a118p
650 _aArabic
942 _cBK
_2ddc
_h004
_iMAJ/H
_k004
_mMAJ/H
999 _c685
_d685